Statistics for States That Beat Maryland

Click here to take the quiz!

General Stats

  • This quiz has been taken 369 times
  • The average score is 14 of 15

Answer Stats

RankCategoryAnswer% Correct
9Highest % ImmigrantsCalifornia | New Jersey | New York | Florida | Nevada | Hawaii | Massachusetts | Texas
99%
10Highest # of LighthousesMichigan | Massachusetts | Maine | New York | Wisconsin | California | Florida | Washington | Rhode Island
99%
9Smallest by AreaRhode Island | Delaware | Connecticut | New Jersey | New Hampshire | Vermont | Massachusetts | Hawaii
99%
10Most Expensive Median Home PriceHawaii | California | Massachusetts | Washington | Colorado | Oregon | Utah | New Jersey | New York
98%
9Highest % AsianHawaii | California | New Jersey | Washington | New York | Nevada | Massachusetts | Virginia
98%
10Least Gun OwnershipDelaware | Rhode Island | New York | New Jersey | New Hampshire | Connecticut | Ohio | Nebraska | California
96%
6Least % WhiteHawaii | California | New Mexico | Texas | Nevada
95%
5Highest Population DensityNew Jersey | Rhode Island | Massachusetts | Connecticut
94%
8States the Most People are LeavingCalifornia | New York | Illinois | New Jersey | Massachusetts | Louisiana | Michigan
92%
5Highest % of Residents Commuting to Work on Public TransitNew York | New Jersey | Massachusetts | Illinois
92%
8Least Populous State Capital*Vermont (Montpelier) | South Dakota (Pierre) | Maine (Augusta) | Kentucky (Frankfort) | Montana (Helena) | Alaska (Juneau) | Delaware (Dover)
92%
4Highest % African-AmericanMississippi | Louisiana | Georgia
87%
4Most Educated (% with College DegreeMassachusetts | Colorado | New Jersey
82%
3Highest Median RentHawaii | California
81%
2Longest Average CommuteNew York
64%

Score Distribution

Percentile by Number Answered

Percent of People with Each Score

Your Score History

You have not taken this quiz